<?xml version="1.0" encoding="UTF-8"?>
<collection xmlns="http://www.loc.gov/MARC21/slim">
<record>
  <controlfield tag="001">171252</controlfield>
  <controlfield tag="005">20260515163946.0</controlfield>
  <datafield tag="024" ind1="7" ind2=" ">
    <subfield code="2">doi</subfield>
    <subfield code="a">10.1038/s41598-026-49942-w</subfield>
  </datafield>
  <datafield tag="024" ind1="8" ind2=" ">
    <subfield code="2">sideral</subfield>
    <subfield code="a">149247</subfield>
  </datafield>
  <datafield tag="037" ind1=" " ind2=" ">
    <subfield code="a">ART-2026-149247</subfield>
  </datafield>
  <datafield tag="041" ind1=" " ind2=" ">
    <subfield code="a">eng</subfield>
  </datafield>
  <datafield tag="100" ind1=" " ind2=" ">
    <subfield code="a">Abián, David</subfield>
    <subfield code="u">Universidad de Zaragoza</subfield>
    <subfield code="0">(orcid)0000-0002-4405-3652</subfield>
  </datafield>
  <datafield tag="245" ind1=" " ind2=" ">
    <subfield code="a">Individual and collective gains from cooperation and reciprocity in a dynamic-network Prisoner’s Dilemma driven by extraversion, openness, and agreeableness</subfield>
  </datafield>
  <datafield tag="260" ind1=" " ind2=" ">
    <subfield code="c">2026</subfield>
  </datafield>
  <datafield tag="520" ind1="3" ind2=" ">
    <subfield code="a">How do stable personality differences shape cooperation when social ties can form and dissolve? We model a repeated Prisoner’s Dilemma on an endogenous network in which three continuous Big Five traits map to transparent local mechanisms: Extraversion sets a target number of partners, Openness determines how broadly agents search beyond friends-of-friends, and Agreeableness sets a baseline willingness to cooperate. At each encounter, agents combine this baseline with the partner’s directly observed history; there are no trait labels, gossip, or global reputations. Ties form when agents are under-connected and are cut when they become over-connected, with cuts prioritising partners who have defected more often. We vary network size (N=30–200), population composition, and the balance between trait-driven and history-driven behaviour. Three robust patterns emerge. First, cooperate first, then reciprocate—high initial willingness to cooperate combined with history-sensitive response—produces systems that are simultaneously more prosperous, fairer, and safer. Second, personality has predictable conditional effects: Agreeableness helps when history matters but hurts when behaviour is mostly trait-driven; Extraversion amplifies the environment; Openness has little net payoff effect. Third, the network reorganises accordingly: degree assortativity stays near zero, whereas agreeable agents increasingly connect to one another when cooperation takes hold.</subfield>
  </datafield>
  <datafield tag="506" ind1="0" ind2=" ">
    <subfield code="a">Access copy available to the general public</subfield>
    <subfield code="f">Unrestricted</subfield>
  </datafield>
  <datafield tag="536" ind1=" " ind2=" ">
    <subfield code="9">info:eu-repo/grantAgreement/ES/AEI/PID2020-113037RB-I00</subfield>
    <subfield code="9">info:eu-repo/grantAgreement/ES/AEI/PID2020-113903RB-I00</subfield>
    <subfield code="9">info:eu-repo/grantAgreement/ES/DGA/T42-23R</subfield>
    <subfield code="9">info:eu-repo/grantAgreement/ES/DGA/T64-23R</subfield>
  </datafield>
  <datafield tag="540" ind1=" " ind2=" ">
    <subfield code="9">info:eu-repo/semantics/openAccess</subfield>
    <subfield code="a">by</subfield>
    <subfield code="u">https://creativecommons.org/licenses/by/4.0/deed.es</subfield>
  </datafield>
  <datafield tag="655" ind1=" " ind2="4">
    <subfield code="a">info:eu-repo/semantics/article</subfield>
    <subfield code="v">info:eu-repo/semantics/publishedVersion</subfield>
  </datafield>
  <datafield tag="700" ind1=" " ind2=" ">
    <subfield code="a">Bernad, Jorge</subfield>
  </datafield>
  <datafield tag="700" ind1=" " ind2=" ">
    <subfield code="a">Ilarri, Sergio</subfield>
    <subfield code="u">Universidad de Zaragoza</subfield>
    <subfield code="0">(orcid)0000-0002-7073-219X</subfield>
  </datafield>
  <datafield tag="700" ind1=" " ind2=" ">
    <subfield code="a">Trillo-Lado, Raquel</subfield>
    <subfield code="u">Universidad de Zaragoza</subfield>
    <subfield code="0">(orcid)0000-0001-6008-1138</subfield>
  </datafield>
  <datafield tag="710" ind1="2" ind2=" ">
    <subfield code="1">5007</subfield>
    <subfield code="2">570</subfield>
    <subfield code="a">Universidad de Zaragoza</subfield>
    <subfield code="b">Dpto. Informát.Ingenie.Sistms.</subfield>
    <subfield code="c">Área Lenguajes y Sistemas Inf.</subfield>
  </datafield>
  <datafield tag="773" ind1=" " ind2=" ">
    <subfield code="g">(2026), [14 pp.]</subfield>
    <subfield code="p">Sci. rep. (Nat. Publ. Group)</subfield>
    <subfield code="t">Scientific reports (Nature Publishing Group)</subfield>
    <subfield code="x">2045-2322</subfield>
  </datafield>
  <datafield tag="856" ind1="4" ind2=" ">
    <subfield code="s">1177635</subfield>
    <subfield code="u">http://zaguan.unizar.es/record/171252/files/texto_completo.pdf</subfield>
    <subfield code="y">Versión publicada</subfield>
  </datafield>
  <datafield tag="856" ind1="4" ind2=" ">
    <subfield code="s">1390616</subfield>
    <subfield code="u">http://zaguan.unizar.es/record/171252/files/texto_completo.jpg?subformat=icon</subfield>
    <subfield code="x">icon</subfield>
    <subfield code="y">Versión publicada</subfield>
  </datafield>
  <datafield tag="909" ind1="C" ind2="O">
    <subfield code="o">oai:zaguan.unizar.es:171252</subfield>
    <subfield code="p">articulos</subfield>
    <subfield code="p">driver</subfield>
  </datafield>
  <datafield tag="951" ind1=" " ind2=" ">
    <subfield code="a">2026-05-15-14:56:00</subfield>
  </datafield>
  <datafield tag="980" ind1=" " ind2=" ">
    <subfield code="a">ARTICLE</subfield>
  </datafield>
</record>
</collection>